Semantic Web for dummies (E-Book) (Record no. 193171)

000 -LEADER
fixed length control field 01313 a2200217 4500
003 - CONTROL NUMBER IDENTIFIER
control field Nust
005 - DATE AND TIME OF LATEST TRANSACTION
control field 20170207154052.0
020 ## - INTERNATIONAL STANDARD BOOK NUMBER
International Standard Book Number 0-470-39679-2 (pbk.)
020 ## - INTERNATIONAL STANDARD BOOK NUMBER
International Standard Book Number 978-0-470-39679-7 (pbk.)
035 ## - SYSTEM CONTROL NUMBER
System control number (OCoLC)255893986
035 ## - SYSTEM CONTROL NUMBER
System control number (OCoLC)ocn255893986
040 ## - CATALOGING SOURCE
Transcribing agency Nust
082 04 - DEWEY DECIMAL CLASSIFICATION NUMBER
Classification number 025.0427
100 1# - MAIN ENTRY--PERSONAL NAME
Personal name Jeffrey T. Pollock
245 10 - TITLE STATEMENT
Title Semantic Web for dummies (E-Book)
Statement of responsibility, etc. Jeffrey T. Pollock
260 ## - PUBLICATION, DISTRIBUTION, ETC.
Place of publication, distribution, etc. Hoboken, N.J. :
Name of publisher, distributor, etc. For Dummies ;
Place of publication, distribution, etc. Chichester :
Name of publisher, distributor, etc. John Wiley [distributor],
Date of publication, distribution, etc. 2009.
300 ## - PHYSICAL DESCRIPTION
Extent xviii, 412 s. :
Other physical details ill.
505 0# - FORMATTED CONTENTS NOTE
Formatted contents note Getting the gist of the semantic web -- The semantic web in your life -- The data web at work for business -- A quick semantic web primer -- Why the semantic web is new technology, not hype -- The problem with metadata -- Using the resource description framework (RDF) -- Speaking the web ontology language -- Exploring semantic web enablers -- The rise of the information worker -- Discovering the enterprise semantic web -- Scalable architectures -- Assessment strategies -- Exploring the limitations of the semantic web -- A guide to essential vendor implementations -- Ten myths about the semantic weg -- Ten things to look forward to beyond web 2.0 -- Ten next steps to take from here
650 #0 - SUBJECT ADDED ENTRY--TOPICAL TERM
Topical term or geographic name entry element Semantic Web
651 ## - SUBJECT ADDED ENTRY--GEOGRAPHIC NAME
Geographic name Semantic Web for dummies (E-Book)
942 ## - ADDED ENTRY ELEMENTS (KOHA)
Source of classification or shelving scheme
Koha item type Book
Holdings
Withdrawn status Lost status Source of classification or shelving scheme Damaged status Not for loan Collection code Permanent Location Current Location Date acquired Total Checkouts Full call number Barcode Date last seen Price effective from Koha item type
            Military College of Signals (MCS) Military College of Signals (MCS) 12/12/2016   025.0427 POL MCSEB-2884 12/08/2016 12/12/2016 Book
© 2023 Central Library, National University of Sciences and Technology. All Rights Reserved.